000 00228nam a22001097a 4500
041 _aeng
080 _a80
100 _aMuller, Helmut M.
245 _aSchlaglichter der deutschen Geschichte.
650 _aGerman
999 _c280682
_d280682
942 _cBK